| Tag |
First Indicator |
Second Indicator |
Subfields |
| LEADER |
00000pam a2200000 a 4500 |
| 001 |
in00000074174 |
| 005 |
20151008060227.0 |
| 008 |
801219s1981 enk b 00110 engm |
| 010 |
|
|
|a 80041497
|
| 015 |
|
|
|a GB81
|
| 020 |
|
|
|a 0521235847
|
| 035 |
|
|
|a (OCoLC)07173193
|
| 035 |
|
|
|9 AAJ5340AM
|
| 040 |
|
|
|a DLC
|c DLC
|d m.c.
|d TXA
|d UtOrBLW
|
| 049 |
|
|
|a TXAM
|c [1362075]
|
| 050 |
0 |
0 |
|a PK9115
|b .H37
|
| 082 |
0 |
|
|a 499/.96
|2 19
|
| 100 |
1 |
|
|a Harris, Alice C.
|
| 245 |
1 |
0 |
|a Georgian syntax :
|b a study in relational grammar /
|c Alice C. Harris.
|
| 264 |
|
1 |
|a Cambridge ;
|a New York :
|b Cambridge University Press,
|c 1981.
|
| 300 |
|
|
|a xxii, 327 pages ;
|c 24 cm.
|
| 336 |
|
|
|a text
|b txt
|2 rdacontent
|
| 337 |
|
|
|a unmediated
|b n
|2 rdamedia
|
| 338 |
|
|
|a volume
|b nc
|2 rdacarrier
|
| 490 |
1 |
|
|a Cambridge studies in linguistics,
|x 0068-676X ;
|v 33
|
| 500 |
|
|
|a Includes index.
|
| 504 |
|
|
|a Bibliography: pages [309]-318.
|
| 650 |
|
0 |
|a Georgian language
|x Syntax.
|
| 650 |
|
0 |
|a Georgian language
|x Relational grammar.
|
| 830 |
|
0 |
|a Cambridge studies in linguistics ;
|v 33.
|
| 999 |
|
|
|a MARS
|
| 999 |
f |
f |
|s ed722ec1-2223-3a80-a9f0-8769568ed5cd
|i 6ba69e7b-039e-3b27-8b1f-9977fcd7729a
|t 0
|
| 952 |
f |
f |
|p ric
|a Texas A&M University
|b Rellis Campus
|c Joint Library Facility
|d Remote Storage
|t 0
|e PK9115 .H37
|h Library of Congress classification
|i unmediated -- volume
|m A14806176416
|
| 998 |
f |
f |
|a PK9115 .H37
|t 0
|l Remote Storage
|